[Event "Lagos South West op"]
[Site "Lagos"]
[Date "2023.07.13"]
[Round "3"]
[White "Abdulraheem, Abdulrahman Akintoy"]
[Black "Afam, Ndidi Ernest"]
[Result "0-1"]
[WhiteElo "2288"]
[BlackElo "1984"]
[PlyCount "64"]
[EventDate "2023.07.12"]
[EventType "swiss"]
[EventRounds "9"]
[EventCountry "NGR"]
[SourceTitle "CBM 215 Extra"]
[Source "ChessBase"]
[SourceDate "2023.09.30"]
[SourceVersion "1"]
[SourceVersionDate "2023.09.30"]
[SourceQuality "1"]

1. e4 d6 2. d4 Nf6 3. Nc3 Nbd7 4. Nf3 e5 5. Bc4 h6 6. dxe5 dxe5 7. Bxf7+ Kxf7 8. Nxe5+ Kg8 9. Ng6 Rh7 10. 0-0 Qe8 11. Nxf8 Nxf8 12. f4 Bg4 13. Qe1 Rd8 14. e5 Nd5 15. f5 Nxc3 16. Qxc3 Qc6 17. Qg3 Be2 18. Re1 Ba6 19. e6 Re8 20. Bf4 Qc5+ 21. Kh1 Qxf5 22. e7 Ng6 23. Bxc7 Rxe7 24. Bd6 Rxe1+ 25. Rxe1 Rh8 26. c3 Kh7 27. Qe3 Rd8 28. Bg3 b6 29. h3 Rd3 30. Qf2 Qxf2 31. Bxf2 Rd2 32. Bd4 Bb7 0-1